Focus sur: Walda - Tolkien - Statistiques

Statistiques générales
  • Ce quiz a été pris 4 fois
  • Le résultat moyen est 6 sur 10
Statistiques - réponses
Informations recherchées Réponses % Correct
Couleur des cheveux Blond
100%
Royaume Rohan
100%
Espèce Homme
75%
Première mention Le Seigneur des Anneaux: Le Retour du Roi
75%
Professions et titres Roi du Rohan
75%
Ages durant lequel il vécut Troisième
75%
Cité Edoras
50%
Fils Folca
25%
Maison (lignée) Maison d'{Eorl}
25%
Père Brytta
0%
Aucun quiz correspondant
Distribution des résultats
% des personnes avec chaque résultat
Percentile par nombre de réponses
Votre historique - résultats
Vous n’avez pas pris ce quiz